| 000 | 00502nam a2200169Ia 4500 | ||
|---|---|---|---|
| 003 | IN-BaIIA | ||
| 008 | 211028s9999 xx 000 0 eng d | ||
| 040 | _cIIA Library | ||
| 080 |
_a658.31 _bSIT |
||
| 110 |
_aIndia .C Sitaraman and Company _98318 |
||
| 245 | 4 |
_aThe Compulsory deposit (Income-Tax Payers) scheme, 1974 _cC Sitaraman and Company |
|
| 260 |
_aMadras _bC. Sitaraman _c1974 |
||
| 300 | _a15p. | ||
| 650 |
_aCentral Government Rules _97081 |
||
| 650 |
_aOthers Thesaurus _9637 |
||
| 942 | _cBK | ||
| 999 |
_c4694 _d4694 |
||